00921nam a2200241Ia 450000500170000000800390001702000150005604100080007108200190007910000230009824501860012125000220030730000250032965000370035465000380039165000390042965000560046826400320052433600270055633700330058333800280061604000350064420220316235613.0121119s2002 mx grd 000 0 spa a97010342870 aspa04aR 003.03bC64D1 aCollazo, Javier L.10aDiccionario Collazo inglés-español de informática, computación y otras materiasb = English - spanish Collazo of informatics, computing and other subjectscJavier L. Collazo aPrimera edición a2 volúmenesc26 cm14aComputadoresvDiccionarios2LEMB14aElectrónicavDiccionarios2LEMB14aInformática vDiccionarios2LEMB14aInternet (Red de computadores) vDiccionarios2LEMB aMéxicobMcGraw-Hillc2002 atextobtxt2rdacontent asin mediaciónbn2rdamedia avolumenbnc2rdacarrier aCO-BoRNBPbspaerdacCO-BoRNBP